000 00215nam a2200097Ia 4500
008 190216s9999||||xx |||||||||||||| ||und||
100 _aK Alavi Moulavi
245 0 _a"Saheehul Buhari Part 1,2"
260 _bNull
942 _cBK
999 _c2
_d2